00930nam a2200241 a 4500001000900000005001700009008004100026020001500067040001800082050002500100100002200125245009800147260004900245300003900294504003000333600006900363610002400432610003700456650006500493942001100558999001300569952010600582BRCA_63820190320203106.0891129s1988 onca---##b---#000-0#eng-# a0888845766 aDLCcDLCdDLC 4aNA5247.O5b.N67 19881 aNoppen, Luc9214010aIn the National Gallery of CanadabOne of the Most Beautiful Chapels in the LandcLuc Noppen. aOttawabThe National Gallery of Canadac1988 a108 p.bil. blanco y negroc26 cm. aBibliografía: p. 99-10214aBouillon, Georgesd1841-1932xCrítica e interpretación9214124aRideau Chapel9214224aNational Gallery of Canada9214314aRenacimiento gótico (Arquitectura)zOntario - Ottawa92144 2lcccB c555d555 00104070aBRCAbBRCAd2008-06-25l0oNA5247.O5 .N67 1988p00967r2019-03-22 00:00:00w2019-03-22yB